000 01005nam a22002657a 4500
005 20210325205511.0
008 s2554 th ||||| |||| 00| 0 tha d
020 _a9789744843296
050 _aQC975.2 บ253ม 2554
100 0 _aบัญชา ธนบุญสมบัติ
245 1 0 _aมหัศจรรย์ ฟ้าฝน
260 3 _aกรุงเทพฯ :
_bสารคดี,
_c2554
300 _a192 หน้า :
_b ภาพประกอบ, ตาราง ;
_c 21 ซม.
650 0 4 _aทอร์นาโด
650 0 4 _aพายุ
650 0 4 _aจันทรุปราคา
650 0 4 _aปรากฏการณ์ธรรมชาติ
650 0 4 _aรุ้ง
650 0 4 _aบรรยากาศ
850 _aNALT
942 _cGB
997 _a38883 ฉ.1 /38884 ฉ.2
997 _c000000000063671
998 _aนางสุกัญญา กัลยา
999 _c63671
_d63671